000 01099nam a2200277 a 4500
005 20241012064105.0
008 150319s2013 mx r 000 0 spa d
020 _a9786074483703
035 _aUPN01000202613
049 _aCG
050 4 _aLC4713.2
_bV3.4 2013
100 1 _aValadez Sierra, María de los Dolores
_936931
245 1 0 _aJUVEPICE :
_bjuego, veo, pienso creo y escucho : programa de intervención educativa para niños con TDAH /
_cMaría de los Dolores Valadez Sierra, Elizabeth de Alba Villegas, Raúl Emmanuel Reynaga García.
250 _a2a ed.
260 _aMéxico :
_bManual Moderno ,
_c2013.
300 _axx, 178 p. :
_bil. col., cuadros
650 4 _aNIÑOS CON TRASTORNO POR DEFICIT DE LA ATENCION -
_xEDUCACION
_913105
650 4 _aTRSTORNO POR DEFICIT DE ATENCION CON HIPERACTIVIDAD
_923814
650 4 _aNiños con problemas de aprendizaje
_910315
650 4 _aJuegos educativos
_93952
700 1 _aAlba Villegas, Elizabeth de,
_ecoaut.
700 1 _aReynaga García, Raúl Emmanuel,
_ecoaut.
905 _aLibro
999 _c174714
_d174714